header

Philosophy of religion : an anthology (Record no. 259430)

MARC details
000 -LEADER
fixed length control field 00591nam a22001937a 4500
003 - CONTROL NUMBER IDENTIFIER
control field OSt
005 - DATE AND TIME OF LATEST TRANSACTION
control field 20220927160149.0
008 - FIXED-LENGTH DATA ELEMENTS--GENERAL INFORMATION
fixed length control field 220927b xxu||||| |||| 00| 0 eng d
010 ## - LIBRARY OF CONGRESS CONTROL NUMBER
LC control number 2010941842
020 ## - INTERNATIONAL STANDARD BOOK NUMBER
International Standard Book Number 9781111634780
International Standard Book Number 1111634785
040 ## - CATALOGING SOURCE
Original cataloging agency DLC
Language of cataloging Eng
Transcribing agency DLC
Modifying agency DLC
Description conventions rda
050 ## - LIBRARY OF CONGRESS CALL NUMBER
Classification number BL51
Item number .P532 2012
245 ## - TITLE STATEMENT
Title Philosophy of religion : an anthology
Statement of responsibility, etc [edited by] Louis P. Pojman, Michael Rea.
250 ## - EDITION STATEMENT
Edition statement 6th Edn.
Remainder of edition statement International Edition
260 ## - PUBLICATION, DISTRIBUTION, ETC. (IMPRINT)
Place of publication, distribution, etc Boston, MA :
Name of publisher, distributor, etc Wadsworth/Cengage Learning,
Date of publication, distribution, etc c2012.
300 ## - PHYSICAL DESCRIPTION
Extent xiii, 685 p. ;
Dimensions 24 cm.
942 ## - ADDED ENTRY ELEMENTS (KOHA)
Source of classification or shelving scheme Library of Congress Classification
Koha item type Long Loan Books
Holdings
Withdrawn status Lost status Source of classification or shelving scheme Damaged status Not for loan Collection code Home library Current library Shelving location Date acquired Total Checkouts Full call number Barcode Date last seen Price effective from Koha item type
    Library of Congress Classification     Non-fiction Rongo University Library Rongo University Library General Stacks 27/09/2022   BL51 .P532 2012 20090873 27/09/2022 27/09/2022 Long Loan Books
    Library of Congress Classification     Non-fiction Rongo University Library Rongo University Library General Stacks 27/09/2022   BL51 .P532 2012 20090874 27/09/2022 27/09/2022 Long Loan Books

© 2026 Rongo University
Contact us: librarian | system librarian | Rongo university